LEADER 00907cam0-2200337---450- 001 990004366850403321 005 20111115153239.0 010 $a88-459-0239-0 035 $a000436685 035 $aFED01000436685 035 $a(Aleph)000436685FED01 035 $a000436685 100 $a19990604d1994----km-y0itay50------ba 101 1 $aita$cfre 102 $aIT 105 $a--------001by 200 1 $aVenezia salva$fSimone Weil$ga cura di Cristina Campo 205 $a2. ed. 210 $aMilano$cAdelphi$d1994 215 $a106 p.$d18 cm 225 1 $aPiccola biblioteca Adelphi$v200 676 $a842.912 700 1$aWeil,$bSimone$f<1909-1943>$0159196 702 1$aCampo,$bCristina 801 0$aIT$bUNINA$gRICA$2UNIMARC 901 $aBK 912 $a990004366850403321 952 $a842.912 WEIL 1$bBibl.33837$fFLFBC 959 $aFLFBC 996 $aVenezia salva$9541203 997 $aUNINA LEADER 01270nam--2200385---450- 001 990003290280203316 005 20090707092745.0 010 $a88-7092-223-5 035 $a000329028 035 $aUSA01000329028 035 $a(ALEPH)000329028USA01 035 $a000329028 100 $a20090707d2003----km-y0itay50------ba 101 $aita 102 $aIT 105 $a||||||||001yy 200 1 $aDa Costantino a Teodosio il grande$ecultura, societa, diritto$eatti del Convegno internazionale, Napoli 26-28 Aprile 2001$fa cura di Ugo Criscuolo 210 $aNapoli$cD'Auria$d[2003] 215 $a454 p.$d24 cm 225 2 $aStudi e testi di KOINONIA$v20 300 $aIn cop. : Associazione di studi tardoantichi 410 0$12001$aStudi e testi di KOINONIA 606 0 $aImpero romano$xStoria$ySec. 4.$xAtti di Congressi$2BNCF 676 $a937.08 702 1$aCRISCUOLO,$bUgo 712 02$aAssociazione di studi tardoantichi 801 0$aIT$bsalbc$gISBD 912 $a990003290280203316 951 $aIX.4. 634$b215332 LM$cIX.4.$d00227645 959 $aBK 969 $aUMA 979 $aSENATORE$b90$c20090707$lUSA01$h0926 979 $aSENATORE$b90$c20090707$lUSA01$h0927 996 $aDa Costantino a Teodosio il grande$9741547 997 $aUNISA